[Event "71st MNE-ch 2019"]
[Site "Podgorica"]
[Date "2019.05.19"]
[Round "2.7"]
[White "Pobor, Milo"]
[Black "Djukic, Nikola"]
[Result "0-1"]
[WhiteElo "1960"]
[BlackElo "2552"]
[Annotator "TA"]
[PlyCount "89"]
[EventDate "2019.05.18"]
[EventType "swiss"]
[EventRounds "9"]
[EventCountry "MNE"]
[SourceTitle "playchess.com"]
[Source "ChessBase"]
[SourceQuality "1"]

{[%evp 9,89,23,32,18,20,22,52,37,45,25,57,8,22,23,22,0,26,-32,4,0,0,-31,-47,-38,0,0,40,-108,-9,-49,0,1,35,-87,-27,-185,-194,-202,-193,-191,-146,-110,-115,-131,-155,-311,-304,-292,-287,-1159,-1135,-943,-167,-178,-111,-818,-500,-447,-39,-593,-120,-133,-134,-126,-118,-120,-101,-134,-99,-119,-22,-52,-50,-53,-67,-67,-55,-65,-67,-171,-180,-29999]} 1. e4 c5 2. Nf3 e6 3. d4 cxd4 4. Nxd4 a6 5. Nc3 Qc7 6. Qg4 {B43: Sicilian: Kan Variation: 5 Nc3} (6. g3 Bb4 7. Bd2 Nf6 8. Bg2 O-O 9. O-O Bc5 10. Nb3 Be7 11. f4 d6 12. g4 b5 13. g5 Nfd7 14. a3 Bb7 15. Be3 Nc6 16. Qh5 {1-0 (43) Guseinov,G (2664)-Caruana,F (2828) chess.com INT 2019}) 6... d6 7. Qg3 Bd7 $146 ({Predecessor:} 7... Nf6 8. Be3 Nbd7 9. O-O-O Nc5 10. f3 Bd7 11. Be2 Rc8 12. Kb1 b5 13. Bxb5 axb5 14. Ndxb5 {0-1 (39) Krivoborodov,E (2502)-Drozdowski,K (2437) Vienna 2013}) 8. Be3 {White is slightly better.} b5 9. a3 Nc6 10. Nxc6 (10. Be2 {seems wilder.} Nf6 11. O-O h5 12. f4 h4 13. Qf2) 10... Bxc6 11. Bd3 Nf6 12. f4 h5 13. O-O-O (13. f5 $11) 13... h4 14. Qe1 Be7 15. Qe2 Rb8 16. f5 e5 17. g4 Qb7 {[%cal Rf6e4]} 18. Bf2 (18. Bd2 $1 $14 {keeps the upper hand.}) 18... a5 (18... b4 $1 $17 {[%cal Rb4c3]} 19. Bxa6 Qc7 20. axb4 Rxb4) 19. b4 (19. g5 $5 {[%cal Rg5f6]} Nh5 20. Be3 $15 (20. Bxh4 $2 b4 $19)) 19... axb4 20. axb4 Nd7 21. Kd2 (21. Kb2 $14 {stays ahead.}) 21... O-O (21... d5 $17 22. Nxd5 Bxd5 23. exd5 Bxb4+ 24. c3 Be7) 22. Ra1 $2 (22. g5 $11 Bxg5+ 23. Be3) 22... d5 $19 23. Ra7 Qc8 24. Rb1 d4 25. Nxb5 {Strongly threatening Rc7.} Rb7 {...Bxb5 is the strong threat.} 26. Rxb7 Qxb7 27. Kd1 $2 (27. Ke1 $17) 27... Nf6 28. Bxh4 {[#]} Bxb5 $1 {[%mdl 64] Overworked Piece} 29. Bxb5 $2 (29. Bxf6 Bxd3 30. cxd3 Bxf6 31. b5) 29... Nxe4 30. Be1 Nd6 $2 (30... Nc3+ 31. Bxc3 dxc3) 31. Ba6 Qd5 (31... Qh1 $19 32. Rb3 (32. Qxe5 $2 Bh4 $19) 32... Ra8) 32. b5 $2 {[%mdl 8192]} (32. Ra1 $17) 32... Nc4 {Threatens to win with ...Ne3+.} 33. Bb7 Qc5 $2 (33... Qxb7 $19 34. Qxc4 Rc8) 34. Bb4 $2 {[%mdl 8192]} ({White should play} 34. Qd3 $1 $15) 34... Qc7 $2 (34... Qxb5 $19 35. Ba6 Qxa6 36. Bxe7 Ne3+ 37. Ke1 Qa2) 35. Bc6 Ne3+ 36. Kc1 Bxb4 37. Rxb4 Qa5 38. Rb1 Qa3+ {[%mdl 1024] Black has strong compensation.} 39. Kd2 Qc3+ (39... Rd8 $17 40. Qd3 Qd6) 40. Kc1 $15 Nc4 {( -> ...d3)} 41. Rb3 $1 {[%cal Rb3c3]} Qa1+ 42. Rb1 Qa3+ 43. Kd1 Qc3 {And now ...e4! would win.} 44. Be4 {[#]} (44. Qd3 $1 $15 Nb2+ 45. Rxb2 Qxb2 46. g5) 44... Rc8 $1 $19 {Hoping for ...Ne3+.} 45. Qf3 $2 {Accuracy: White = 17%, Black = 36%.} (45. Qe1 $19 Qh3 46. Qe2) 0-1

[Event "71st MNE-ch 2019"]
[Site "Podgorica"]
[Date "2019.05.19"]
[Round "2.8"]
[White "Djurovic, Peko"]
[Black "Pecurica, Milos"]
[Result "0-1"]
[WhiteElo "1898"]
[BlackElo "2365"]
[Annotator "TA"]
[PlyCount "94"]
[EventDate "2019.05.18"]
[EventType "swiss"]
[EventRounds "9"]
[EventCountry "MNE"]
[SourceTitle "playchess.com"]
[Source "ChessBase"]
[SourceQuality "1"]

{[%evp 9,94,45,54,39,40,16,50,50,124,127,131,93,84,87,133,130,128,112,116,90,62,65,95,29,46,-8,-14,0,-14,-17,-20,-56,-62,-85,-80,-80,-80,-134,-129,-135,-114,-118,-104,-129,-129,-125,-122,-128,-128,-143,-127,-147,-149,-158,-161,-151,-121,-163,-154,-147,-106,-161,-173,-186,-190,-195,-206,-158,-189,-352,-363,-533,-528,-1861,-1562,-1507,-900,-29977,-29978,-29978,-29978,-29978,-29979,-29980,-29981,-29976,-29974]} 1. e4 b6 2. d4 Bb7 3. Nc3 e6 4. Bd3 Nf6 5. Nge2 d5 {[%cal Rd5e4]} (5... d6 6. O-O g6 7. h3 Bg7 8. Be3 a6 9. Qd2 h6 10. f4 Nc6 11. e5 Nd7 12. exd6 cxd6 13. d5 exd5 14. Nxd5 {1-0 (34) Narmontas,M (2427)-Fries Nielsen,J (2459) Fredericia 2015}) 6. e5 {B00: Queen's Fianchetto Defence, Nimzowitsch Defence} Nfd7 7. O-O Be7 8. Nf4 $146 {White is slightly better.} ({Predecessor:} 8. f4 c5 9. Bb5 a6 10. Bxd7+ Nxd7 11. Be3 Qc7 12. Nb1 f6 13. exf6 Nxf6 {½-½ (54) Berdiugina,E (2118)-Kotin,V (2114) Odessa 2005}) 8... g6 (8... Nc6 $14) 9. Qg4 $1 $16 h5 10. Qf3 Nf8 11. Nce2 c5 12. c4 $1 Qd7 {With the idea ...dxc4.} 13. cxd5 exd5 14. Nc3 {[%cal Rf4d5]} Nc6 15. Bb5 ({Avoid the trap} 15. Ncxd5 $2 Nxd4 16. Qe4 g5 $17) 15... Ne6 16. Nfxd5 ({But not} 16. Qxd5 $6 Nexd4 17. Qxd7+ Kxd7 $11) (16. dxc5 $16 Nxf4 17. Bxf4) 16... Nexd4 $11 17. Nf6+ (17. Qf6 $14 Bxf6 18. Nxf6+ Ke7 19. Nxd7 Kxd7 20. Ba4) 17... Kd8 $1 18. Nxd7 Nxf3+ 19. gxf3 {Threatens to win with e6.} Kxd7 20. Rd1+ Kc8 21. Bxc6 Bxc6 22. Ne4 Rd8 $36 {[%mdl 2048] Keeping White busy.} 23. Rxd8+ ({White should play} 23. Bg5 Rxd1+ 24. Rxd1 Bxe4 25. Bxe7 Bxf3 26. Rd3) 23... Kxd8 $17 24. Bf4 Bxe4 25. fxe4 {[%mdl 4096] Endgame KRB-KRB} Kd7 26. Be3 g5 27. f4 gxf4 28. Bxf4 Ke6 29. Kf2 Rg8 30. Rd1 c4 31. a4 {[#]} Rc8 $1 32. Rc1 Bc5+ 33. Ke2 Bd4 34. Rc2 a6 {[%cal Ba7a6,Ba6b5][%mdl 32]} 35. Be3 (35. Rd2 $17 {keeps fighting.} Bxe5 36. Bxe5 Kxe5 37. Ke3) 35... Kxe5 $19 36. Rd2 {[#]} Rd8 $1 37. Kf3 b5 38. axb5 axb5 39. Bf4+ $2 (39. Bg5 Rd7 40. Be3) 39... Ke6 40. Be3 (40. Rg2 $142) 40... Bf6 41. Rxd8 Bxd8 {KB-KB} 42. Bd4 Bf6 43. Bc3 Bxc3 {Black mates.} 44. bxc3 Ke5 45. Ke3 h4 46. h3 f6 47. Kf3 Kd6 {Accuracy: White = 44%, Black = 76%.} 0-1

[Event "71st MNE-ch 2019"]
[Site "Podgorica"]
[Date "2019.05.19"]
[Round "2.9"]
[White "Tomic, Aleksandar"]
[Black "Vujovic, Savo"]
[Result "0-1"]
[WhiteElo "2357"]
[BlackElo "1940"]
[Annotator "TA"]
[PlyCount "96"]
[EventDate "2019.05.18"]
[EventType "swiss"]
[EventRounds "9"]
[EventCountry "MNE"]
[SourceTitle "playchess.com"]
[Source "ChessBase"]
[SourceQuality "1"]

{[%evp 25,96,50,55,38,65,65,66,66,70,66,67,67,74,74,78,60,70,68,70,49,70,70,71,60,61,55,60,72,61,5,6,6,7,0,5,-5,-5,-12,0,0,0,0,0,0,0,0,0,0,0,0,0,0,0,0,0,-44,-47,-231,-221,-441,-441,-553,-309,-272,-275,-269,-250,-950,-915,-29966,-29957,-12828,-8007]} 1. e4 c5 2. Nf3 Nc6 3. d4 cxd4 4. Nxd4 Nf6 5. Nc3 e5 6. Ndb5 d6 7. a4 a6 8. Na3 Be7 9. Bg5 Be6 10. Bc4 O-O 11. O-O Nb4 12. Bxf6 Bxf6 13. Nd5 Nxd5 14. Bxd5 {B33: Sicilian: Pelikan and Sveshnikov Variations} Bxd5 $146 ({Predecessor:} 14... Qc7 15. Nc4 Qc5 16. a5 Bxd5 17. Qxd5 Qxd5 18. exd5 Rac8 19. b3 Rc5 20. Rfd1 Rd8 21. Ra2 Kf8 {½-½ (69) Kwiatkowski,M (2123)-Dubinski,M (2067) Koszalin 2005}) 15. Qxd5 Qc7 16. Nc4 {White is slightly better.} Rac8 17. b3 $1 ({And not} 17. Nxd6 Rcd8 $17) 17... Qc6 18. Rfd1 Qxd5 19. Rxd5 Be7 20. a5 f5 21. exf5 Rxf5 22. Ra4 Rf4 23. Rb4 Rd4 24. Rxd4 exd4 25. Rxb7 d5 26. Rxe7 dxc4 $14 {[%mdl 4096] Endgame KR-KR} 27. f3 ({White should play} 27. Kf1 $1 $14) 27... d3 $11 28. cxd3 cxb3 29. Kf2 Rc2+ (29... Rb8 $5 30. Re1 $8 Rc8 $11) 30. Ke3 Rxg2 31. Rb7 Rxh2 {...b2 is the strong threat.} 32. Rxb3 Ra2 33. Rb8+ Kf7 34. Rb7+ Kf8 35. d4 Rxa5 36. Ke4 h5 37. d5 Ra1 38. Ke5 Re1+ 39. Kd6 h4 40. f4 h3 41. Rb8+ $2 (41. Rb2 $1 $15) 41... Kf7 $19 {White must now prevent ...h2.} 42. Rh8 $2 {[#]} (42. Rb2) 42... Rh1 $1 {Hoping for ...h2.} 43. Rb8 h2 {Strongly threatening ...Rd1!} 44. Rb2 Kf6 45. Rc2 Kf5 46. Kc6 $2 {[#]} (46. Kd7 Ke4 47. d6) 46... Ke4 $1 47. d6 Kd3 48. Rc5 Rd1 {Accuracy: White = 38%, Black = 77%.} 0-1

[Event "71st MNE-ch 2019"]
[Site "Podgorica"]
[Date "2019.05.19"]
[Round "2.10"]
[White "Nikac, Predrag"]
[Black "Miletic, Vuk"]
[Result "1-0"]
[WhiteElo "2319"]
[BlackElo "1954"]
[Annotator "TA"]
[PlyCount "59"]
[EventDate "2019.05.18"]
[EventType "swiss"]
[EventRounds "9"]
[EventCountry "MNE"]
[SourceTitle "playchess.com"]
[Source "ChessBase"]
[SourceQuality "1"]

{[%evp 19,59,8,10,-6,0,-5,-8,-22,-16,-27,0,0,6,0,0,-16,0,-6,18,5,65,43,64,-12,0,0,29,37,46,36,83,70,102,22,50,18,168,165,718,743,725,712]} 1. g3 Nf6 2. Bg2 e5 3. c4 Nc6 4. Nc3 g6 5. d3 Bg7 6. Rb1 a5 7. a3 O-O 8. b4 axb4 9. axb4 d6 10. b5 Ne7 11. Bg5 {A25: English Opening vs King's Indian with ...Nc6 but without early d3} (11. e4 Nd7 12. Nge2 Nc5 13. O-O f5 14. exf5 Bxf5 15. Be3 Bxd3 16. Bxb7 Rb8 17. Bxc5 Bxb1 18. Bd5+ Nxd5 19. Qxd5+ {½-½ (53) Jobava,B (2713)-Grigoryan,A (2608) Martuni 2011}) 11... h6 12. Bxf6 Bxf6 13. Qb3 {The position is equal.} Bg7 14. e3 $146 ({Predecessor:} 14. Nf3 Be6 15. O-O f5 16. Ne1 Rb8 17. Nc2 f4 18. Ra1 Qd7 {1-0 (40) Summermatter,D (2220)-McDonald,N (2400) Zug 1987}) 14... Kh7 15. Nge2 f5 16. O-O g5 17. f4 Ng6 (17... c6 {is interesting.} 18. d4 exf4 19. exf4 Be6 20. Nd1 gxf4 21. Rxf4 d5) 18. Rbe1 (18. Qc2 {is more complex.} h5 19. d4 h4 20. dxe5 gxf4 21. gxf4 dxe5 22. Kh1) 18... exf4 19. exf4 gxf4 (19... Rb8 $11) 20. Nxf4 $14 Nxf4 21. gxf4 (21. Rxf4 $14 Re8 22. Rd1) 21... Bd4+ 22. Kh1 Rg8 23. Ne2 Bf6 24. d4 Qf8 25. Bd5 $36 {[%mdl 2048] White has some pressure.} Rg4 26. h3 (26. Qd3 $16) 26... Rg6 27. Rg1 Qg7 {[#]} (27... Rxg1+ $1 $11 {and Black stays safe.} 28. Rxg1 Qe8) 28. c5 $1 $18 dxc5 $2 (28... Rxg1+ 29. Rxg1 Qe7) 29. Bf7 Rxg1+ 30. Rxg1 {Accuracy: White = 33%, Black = 20%.} 1-0

[Event "71st MNE-ch 2019"]
[Site "Podgorica"]
[Date "2019.05.19"]
[Round "2.11"]
[White "Popadic, Dragan"]
[Black "Musovic, Armin"]
[Result "1/2-1/2"]
[WhiteElo "2198"]
[BlackElo "2297"]
[Annotator "TA"]
[PlyCount "146"]
[EventDate "2019.05.18"]
[EventType "swiss"]
[EventRounds "9"]
[EventCountry "MNE"]
[SourceTitle "playchess.com"]
[Source "ChessBase"]
[SourceQuality "1"]

{[%evp 9,146,7,35,40,35,11,19,-2,1,-14,30,-17,-17,-12,-29,-64,-7,-16,2,-1,0,0,105,68,94,90,137,138,359,121,227,77,126,135,120,119,228,86,243,264,720,707,710,694,6279,643,6299,5513,5497,948,931,931,931,843,1720,1120,1127,1082,1041,925,746,516,516,516,516,516,516,516,516,516,516,516,516,516,516,516,29966,29966,29966,29966,29965,29963,29963,29956,29963,516,516,0,0,0,0,0,0,0,0,0,0,0,0,0,0,0,19,0,0,0,0,0,8,0,0,0,0,0,0,0,0,0,0,0,0,0,0,0,0,0,0,0,0,0,0,0,0,0,0,0,29984,0,0]} 1. e4 c6 2. d4 d5 3. Nd2 dxe4 4. Nxe4 Nf6 5. Nc3 g6 6. Nf3 {B15: Caro-Kann: 3 Nc3: 3...g6 and 3...dxe4 4 Nxe4 Nf6 5 Nxf6+ exf6} Bg7 7. h3 O-O 8. Bc4 b5 9. Bb3 b4 $146 ({Predecessor:} 9... a5 10. a4 b4 11. Ne2 Ba6 12. O-O e6 13. Re1 c5 14. c4 bxc3 15. bxc3 cxd4 16. Nexd4 {1-0 (48) Korbut,E (2400)-Jovanovic,M (2057) Budva 2004}) 10. Ne2 Bb7 11. O-O c5 12. Ne5 cxd4 (12... Nbd7 $15) 13. Nxd4 $11 Ne4 14. Ndf3 $36 {[%mdl 2048] aiming for Qxd8. White has some pressure.} Qa5 15. Bf4 Nd6 (15... Na6 $11) 16. a3 $16 bxa3 17. Rxa3 Qc5 18. Re1 Qc8 $2 {[#]} (18... a5 $16 19. c3 Qb6) 19. c3 $2 (19. Nxf7 $1 $18 {[%mdl 512]} Nxf7 20. Rxe7) 19... Na6 (19... Nc6 $16 {might work better.}) 20. Bd5 (20. Bg5 $18 {has better winning chances.} Qc7 21. Bxe7 Qxe7 22. Nxf7) 20... Bxd5 21. Qxd5 {Nc6 is the strong threat.} Nc7 22. Qa2 Ne6 {[#]} (22... Bf6 $16 23. Ra4 (23. Rxa7 Ne6 $16) 23... Re8) 23. Bg3 (23. Nxf7 $1 $18 {[%mdl 512] is the precise move to win.} Rxf7 (23... Nxf7 24. Rxe6) 24. Bxd6 (24. Rxe6 Nc4 $18) 24... exd6 25. Rxe6) 23... a6 $2 {[#]} (23... Bxe5 $16 24. Nxe5 (24. Bxe5 a6 $16) 24... Nf5) 24. Nxf7 $1 $18 {[%mdl 512]} Nc4 $2 (24... Rxf7 25. Bxd6 (25. Rxe6 Qc4 $18) (25. Qxe6 Qxe6 26. Rxe6 a5 $18) 25... exd6) (24... Nxf7 25. Rxe6) 25. Ra4 Nxb2 26. Rxe6 Nxa4 27. Rc6 (27. Rxe7 $142 Qf5 28. N7g5+ Kh8 29. Be5) 27... e6 28. Rxc8 Raxc8 29. Qxa4 (29. Qxe6 $142 Rxf7 30. Qxc8+ Rf8 31. Qc4+ {[%mdl 64] Double Attack} Kh8 32. Qxa4) 29... Rxf7 30. Qxa6 {[%mdl 64] Double Attack} Rxc3 31. Qxe6 Bf6 32. Be5 Rxf3 33. gxf3 Bxe5 34. Qxe5 Rxf3 {[%mdl 4096] Endgame KQ-KR} 35. Kg2 Rf5 36. Qe6+ Kg7 37. Kg3 Rg5+ 38. Kf4 Rh5 39. Kg4 Kf8 40. f3 Kg7 41. Qe7+ Kg8 42. Qf6 Rh6 (42... Rf5 $18 43. Qxf5 gxf5+ 44. Kxf5 Kf7) 43. Qe6+ Kg7 44. Qd7+ Kf6 45. Qd6+ Kf7 46. Qf4+ Kg7 47. Qg5 (47. Qc7+ $142 Kg8 48. Qf4 g5 49. Qxg5+ Rg6 50. Kh5 $3 {[%mdl 512]} Rxg5+ 51. Kxg5 Kf7 52. h4) 47... Rh5 48. Qxh5 $2 (48. Qe3 $18 Kf7 49. Qf4+ Kg7 50. Qc7+ Kg8 51. Qc4+ Kf8 52. Qa2) 48... gxh5+ {KPP-KPP} 49. Kf5 Kf7 50. h4 Ke7 51. Kg5 {Intending Kh6 and mate.} Kf7 $1 52. Kxh5 $11 {And now Kh6 would win. KPP-KP} Kg7 53. Kg5 Kf7 54. Kh6 Kg8 55. Kg5 Kg7 56. h5 Kf7 $1 57. Kf5 Ke7 58. Ke5 Kf7 $1 59. Kf5 Ke7 60. Kg5 {White threatens Kh6 and mate.} Kf7 $1 61. Kh6 Kg8 62. f4 Kh8 63. Kg5 Kg7 64. Kf5 Kf7 $1 65. Ke5 Ke7 66. f5 Kf7 67. f6 Ke8 68. Ke6 {White wants to mate with f7+.} h6 69. Ke5 {Threatening mate with Ke6.} Kf8 $1 70. Kf4 {Ke5 would kill now.} ({Not} 70. Ke6 Ke8 71. Ke5 Kf7 72. Kf5 Kf8 73. Kg6 Kg8 74. Kxh6 Kf7) 70... Ke8 71. Kf5 $2 {[%mdl 8192]} (71. Ke4 $11 Kf8 72. Ke5 Kf7 73. Kf5 Kf8 74. Kg6 Kg8 75. Kxh6 Kf7 76. Kg5) 71... Kf7 72. Ke5 Kf8 $1 {[#]} 73. Ke6 $2 (73. Ke4 $1 {mates} Ke8 74. Kf4 Kf8 75. Ke5 Kf7 76. Kf5 Kf8 77. Kg6 Ke8 78. Kxh6) 73... Ke8 {Accuracy: White = 52%, Black = 44%.} 1/2-1/2

[Event "71st MNE-ch 2019"]
[Site "Podgorica"]
[Date "2019.05.19"]
[Round "2.13"]
[White "Karisik, Nenad"]
[Black "Bacic, Kristina"]
[Result "0-1"]
[WhiteElo "2128"]
[BlackElo "1819"]
[Annotator "TA"]
[PlyCount "80"]
[EventDate "2019.05.18"]
[EventType "swiss"]
[EventRounds "9"]
[EventCountry "MNE"]
[SourceTitle "playchess.com"]
[Source "ChessBase"]
[SourceQuality "1"]

{[%evp 22,80,3,-22,19,0,36,50,57,0,0,0,4,-52,-65,-55,-41,-107,-111,-102,41,24,43,26,25,8,28,0,0,-152,-148,-178,-73,-76,0,0,0,0,0,0,0,0,0,0,0,0,0,0,0,-396,-377,-5297,-4812,-29979,-29980,-29991,-29988,-29988,-29988,-29985,-29985]} 1. Nf3 Nf6 2. g3 d5 3. Bg2 c6 4. O-O Bf5 5. c4 e6 6. b3 Nbd7 7. Bb2 Be7 8. d3 O-O 9. Nbd2 h6 10. Qc2 Bh7 11. Rac1 a5 12. a3 Nc5 $146 {A12: English Opening: 1...c6 with b3 by White} ({Predecessor:} 12... Re8 13. Qb1 Bd6 14. Rfe1 Qe7 15. Qa1 Qf8 16. d4 Ne4 17. Nxe4 Bxe4 18. Ne5 Nxe5 19. dxe5 Bxg2 20. Kxg2 {½-½ (20) Tadic,B (2563)-Arsovic,Z (2532) Belgrade 2015}) 13. Qb1 dxc4 14. bxc4 Na4 {White is slightly better.} 15. Bxf6 (15. Bd4 $14) 15... Bxf6 $11 16. Qxb7 Nc3 17. Rxc3 (17. Rfe1 $11) 17... Bxc3 $15 18. Qxc6 Rb8 19. Rb1 ({Better is} 19. Qc5 $15) 19... Bxd2 20. Nxd2 Qg5 (20... Rxb1+ $17 21. Nxb1 Qg5) 21. Rxb8 $14 Rxb8 22. Qc7 Rf8 23. f4 Qf6 24. Qxa5 Qd4+ 25. Kh1 $2 ({White must play} 25. Kf1 $11) 25... Qf2 $17 {[%mdl 1024] Black has strong compensation.} 26. Bf3 Bf5 (26... Rb8 $1 $19 {[%cal Rb8b1] and Black stays clearly on top. ( -> ...Rb1+!)} 27. h3 Qxg3 {[%mdl 64] Double Attack}) 27. Qb4 {[#]} Bh3 (27... h5 $1 $17) 28. Qb1 $11 Qe3 29. Ne4 $1 f5 30. Nc3 $1 Kh7 $40 {[%mdl 128] Black is up to no good.} 31. a4 Rb8 32. Nb5 g5 33. Qg1 Qd2 $1 {next ...g4 is good for Black.} 34. fxg5 hxg5 {And now ...g4 would win.} 35. g4 $2 {[%mdl 8192] [#]} (35. Nd4 $11 {and White has nothing to worry.}) 35... fxg4 $1 $19 36. Be4+ $2 (36. Bxg4 Bxg4 37. Qxg4) 36... Kh6 37. Bg2 Qxe2 {Black mates.} 38. Nc3 Bxg2+ 39. Qxg2 Qe1+ 40. Qg1 Qxc3 {Accuracy: White = 28%, Black = 58%.} 0-1

[Event "71st MNE-ch 2019"]
[Site "Podgorica"]
[Date "2019.05.19"]
[Round "2.14"]
[White "Rakic, Tijana"]
[Black "Abramovic, Dragoljub"]
[Result "1/2-1/2"]
[WhiteElo "1579"]
[BlackElo "2063"]
[Annotator "NA RC"]
[PlyCount "69"]
[EventDate "2019.05.18"]
[EventType "swiss"]
[EventRounds "9"]
[EventCountry "MNE"]
[SourceTitle "playchess.com"]
[Source "ChessBase"]
[SourceQuality "1"]
[TimeControl "40/5400+30:1800+30"]

1. e4 c6 2. d4 d5 3. Nc3 dxe4 4. Nxe4 Bf5 5. Ng3 Bg6 6. h4 h6 7. Nf3 Nd7 8. h5 Bh7 9. Bd3 Bxd3 10. Qxd3 e6 11. O-O Ngf6 12. Re1 Bb4 13. c3 Be7 14. c4 O-O 15. Bf4 Re8 16. Rad1 Qa5 17. Ne5 Nxe5 18. dxe5 Rad8 19. Qb3 Ng4 20. Qf3 Rxd1 21. Rxd1 Nxe5 22. Qe2 Bf6 23. b4 Qa4 24. Rd6 Be7 25. Rd4 c5 26. bxc5 Nc6 27. Rd7 e5 28. Be3 Na5 29. Qg4 Qxc4 30. Qxc4 Nxc4 31. Nf5 Bf8 32. Nd6 Bxd6 33. cxd6 a6 34. Rxb7 Nxd6 35. Rb6 1/2-1/2

[Event "71st MNE-ch 2019"]
[Site "Podgorica"]
[Date "2019.05.19"]
[Round "2.17"]
[White "Petrovic, Slavko"]
[Black "Popovic, Mateja"]
[Result "1-0"]
[WhiteElo "1945"]
[BlackElo "1436"]
[Annotator "NA RC"]
[PlyCount "69"]
[EventDate "2019.05.18"]
[EventType "swiss"]
[EventRounds "9"]
[EventCountry "MNE"]
[SourceTitle "playchess.com"]
[Source "ChessBase"]
[SourceQuality "1"]
[TimeControl "40/5400+30:1800+30"]

1. e4 e5 2. Nf3 Nf6 3. Nc3 Bb4 4. d3 Nc6 5. a3 Ba5 6. Bg5 h6 7. Bh4 Bxc3+ 8. bxc3 d5 9. exd5 Qxd5 10. Qe2 Be6 11. Bg3 Nd7 12. c4 Qa5+ 13. Qd2 Qxd2+ 14. Nxd2 Nd4 15. Rc1 f5 16. f4 Nc6 17. fxe5 g5 18. Be2 O-O-O 19. c3 f4 20. Bf2 Ncxe5 21. d4 Nf7 22. O-O h5 23. d5 Bf5 24. Bd4 Rh6 25. Rfe1 Nfe5 26. Bf1 Re8 27. c5 Kd8 28. Nc4 Nxc4 29. Rxe8+ Kxe8 30. Bxc4 Nf6 31. Re1+ Kf7 32. d6+ Kg6 33. Re7 cxd6 34. cxd6 Bd7 35. Bf7+ 1-0

[Event "71st MNE-ch 2019"]
[Site "Podgorica"]
[Date "2019.05.20"]
[Round "3.1"]
[White "Nikcevic, Nebojsa"]
[Black "Blagojevic, Dragisa"]
[Result "0-1"]
[WhiteElo "2435"]
[BlackElo "2499"]
[Annotator "TA"]
[PlyCount "81"]
[EventDate "2019.05.18"]
[EventType "swiss"]
[EventRounds "9"]
[EventCountry "MNE"]
[SourceTitle "playchess.com"]
[Source "ChessBase"]
[SourceQuality "1"]

{[%evp 9,81,-19,7,-27,-14,-25,-7,-21,-13,-43,-37,-51,-50,-48,-58,-101,-39,-72,-85,-84,-77,-61,-59,-58,-36,-49,-64,-121,-113,-124,-123,-119,-119,-113,-100,-106,-98,-213,-193,-199,-179,-202,-171,-171,-168,-162,-167,-162,-164,-164,-163,-162,-154,-198,-177,-203,-194,-202,-187,-187,-180,-180,-187,-488,-438,-741,-720,-542,-542,-1139,-1160,-998,-434,-415]} 1. c4 e6 2. Nf3 d5 3. d4 Nf6 4. Qc2 dxc4 5. Qxc4 a6 6. Bg5 {D30: Queen's Gambit Declined: Systems without Nc3} Nbd7 7. e3 c5 8. dxc5 {The position is equal.} Bxc5 9. Nbd2 b5 10. Qc2 Bb7 11. Bd3 $146 ({Predecessor:} 11. Rd1 Rc8 12. Qb1 h6 13. Bxf6 Qxf6 14. Bd3 {0-1 (33) Rakhmanov,A (2591)-Sjugirov,S (2610) Moscow 2010}) 11... Rc8 {...Bxf3 is the strong threat.} 12. Qb1 {[#]} Be7 (12... Bb4 $1 $17 13. Ke2 h6 14. Bxf6 Nxf6) 13. O-O Nc5 $36 {[%mdl 2048] White is under strong pressure.} 14. Bc2 h6 15. Bh4 O-O 16. Rd1 Nd5 17. Bxe7 Qxe7 18. Ne4 {[#]} (18. a3 $15) 18... Nb4 $1 $17 {[%cal Rb4c2]} 19. Nxc5 Nxc2 ({Much weaker is} 19... Qxc5 $6 20. Bh7+ Kh8 21. Be4 $11) 20. Qxc2 {Strongly threatening b4.} Bxf3 ({Reject} 20... Qxc5 $6 21. Qxc5 Rxc5 22. Nd4 $11) 21. gxf3 {Threatens to win with b4.} Rxc5 22. Qe2 Rfc8 23. f4 (23. Rd2 $17 {is a better defense.}) 23... e5 24. fxe5 Qxe5 25. Rd2 Qe4 {And now ...Rg5+ would win.} 26. f3 Rc1+ 27. Rxc1 Rxc1+ 28. Rd1 Rxd1+ {[%mdl 64] Overworked Piece} 29. Qxd1 Qxe3+ $19 {[%mdl 4096] Endgame KQ-KQ} 30. Kg2 Qg5+ 31. Kh1 Qf6 32. b3 b4 33. Qe2 Qg6 34. Qe8+ Kh7 {aiming for ...Qb1+.} 35. Qe2 a5 36. h3 $2 (36. Qf2) 36... Qg3 {Black is clearly winning.} 37. Qe4+ (37. Qd3+ $142 g6 38. Qf1) 37... g6 38. h4 h5 39. Qd5 Qxh4+ 40. Kg2 Qf4 41. Qxa5 {Accuracy: White = 40%, Black = 75%.} 0-1

[Event "71st MNE-ch 2019"]
[Site "Podgorica"]
[Date "2019.05.20"]
[Round "3.2"]
[White "Djukic, Nikola"]
[Black "Vujacic, Igor"]
[Result "1-0"]
[WhiteElo "2552"]
[BlackElo "2205"]
[Annotator "TA"]
[PlyCount "59"]
[EventDate "2019.05.18"]
[EventType "swiss"]
[EventRounds "9"]
[EventCountry "MNE"]
[SourceTitle "playchess.com"]
[Source "ChessBase"]
[SourceQuality "1"]

{[%evp 14,59,39,36,54,45,34,20,47,34,93,70,68,70,85,96,136,76,72,39,137,135,147,133,141,123,215,236,220,136,71,52,188,188,186,172,232,222,225,228,257,199,569,559,756,720,648,567]} 1. e4 e6 2. d4 d5 3. Nc3 dxe4 4. Nxe4 Bd7 5. Nf3 Bc6 6. Bd3 Nd7 7. O-O Ngf6 8. Ng3 g6 {C10: French with 3 Nc3: Unusual Black 3rd moves and 3...dxe4} 9. Qe2 Bg7 10. Ne5 Nxe5 {The position is equal.} 11. dxe5 Qd5 {[#]} (11... Nd7 $14) (11... Nd7 12. f4 O-O 13. Be4 Bxe4 14. Nxe4 Qe7 15. Be3 Rfd8 16. Rad1 {½-½ (64) So,W (2815)-Carlsen,M (2832) chess.com INT 2017}) 12. f4 $1 $16 {[#]} Ng4 $1 {[%mdl 512]} 13. h3 (13. Qxg4 Qxg2#) 13... Qd4+ 14. Kh1 h5 15. c3 {[#]} ({White should play} 15. Bb5) 15... Qb6 $146 16. a4 {Threatens to win with a5.} a5 (16... O-O-O $14 17. Be4 h4) 17. Bb5 Bf8 18. Bxc6+ bxc6 19. Ne4 $36 {[%mdl 2048] Keeping Black busy.} Bc5 (19... Be7 $16 20. Rd1 Nh6) 20. g3 $18 Nh6 21. Qc4 Be7 22. Be3 $1 {[%cal Re3b6]} Qa6 ({Black should try} 22... Qb7 $1 $14) 23. Qxa6 Rxa6 24. Kg2 O-O (24... Kd7 {was worth a try.} 25. Kf3 Rb8) 25. Rfd1 Nf5 26. Bf2 Rb8 27. Rab1 Rb7 $2 (27... Rd8 28. g4 Nh6 29. Rxd8+ Bxd8) 28. g4 {White is clearly winning.} Ng7 29. Bc5 Bh4 30. Nf6+ {Accuracy: White = 75%, Black = 32%.} 1-0